| 000 | 01803nam a2200325 c 4500 | ||
|---|---|---|---|
| 999 |
_c162578 _d162578 |
||
| 003 | BLK | ||
| 005 | 20230327142608.0 | ||
| 008 | 180410b bul|||||r ||||||| ||bul|| | ||
| 010 | _aKNG00169957000 | ||
| 040 | _aBLK | ||
| 041 |
_aBUL _cBUL |
||
| 080 |
_aФренска литература _b821.133.1 _x-31 _z821.133.1-31 |
||
| 100 | 1 |
_aДюма - баща, Александър _9367730 |
|
| 139 |
_aДюма - баща, Александър _bД 98 |
||
| 245 | 1 | 0 |
_aОще десет години по-късно _bРоман : Кн. 1 - _cАлександър Дюма - баща; прев. от фр. на том Любен Велчев. _nКн. 1 _pВиконт дьо Бражелон |
| 257 | _aFRA | ||
| 260 |
_aСофия _bНар. младеж _c1975 - _fСофия : ДПК Д. Благоев |
||
| 300 | _c21 см | ||
| 380 | _aX | ||
| 490 |
_aБиблиотека Приключения и научна фантастика _v126 _9204436 |
||
| 500 | _a1. изд. 1927 на печ. Камбана в 16 брош. със загл. 10 години после или Виконт де Бражелон : Смъртта на д'Артанян. Кн. е продължение на Двадесет години по-късно от същия авт. | ||
| 653 | _aромани | ||
| 700 | 1 |
_aВелчев, Любен _eпрев. от фр. на том _9363802 |
|
| 760 | 1 |
_aДюма - баща, Александър _d1975 _h711 с. _nОриг. загл. Le Vicomte de Bragelonne ou Dix ans plus tard / Alexandre Dumas. - 50125 тир. _tКн. 1 Виконт дьо Бражелон |
|
| 852 | _aЦб 78267 | ||
| 856 | 4 | _qpdf | |
| 856 | 4 | _qpdf | |
| 942 |
_cKNG _n0 _s1 |
||
| 944 |
_aCR _c23.01.2015 _lф / _kЛюдмила_Стоянова |
||
| 944 |
_aED _c23.01.2015 _lф / _kЛюдмила_Стоянова |
||
| 944 |
_aED _c2022-10-06 _kХристина Везирева |
||
| 999 | _d162578 | ||